Sports Quiz

Random Sports or Football Quiz

Player Profile: Chris Johnson Quiz Stats

 Plays Quiz not verified by Sporcle

Score 0/11 Timer 01:00
0 Plays Today
Question Answer % Correct
TeamTennessee Titants
98.5%
PositionRunning back
89.2%
Number28
86.2%
Age26
86.2%
Pick # (in draft)24
76.9%
Draft Class2008
69.2%
CollegeEast Carolina
61.5%
40 yard dash time4.24
60%
Rushing yards in 20092006 yards
52.3%
State of birthFlorida
36.9%
Place of birthOrlando
23.1%

You're not logged in!

Compare scores with friends on all Sporcle quizzes.
OR
Log In

Show Comments

Extras

Top Quizzes Today


Score Distribution

Your Account Isn't Verified!

In order to create a playlist on Sporcle, you need to verify the email address you used during registration. Go to your Sporcle Settings to finish the process.

Report this User

Report this user for behavior that violates our Community Guidelines.

Details: